000
00346nam a2200157Ia 4500
100
_a
Horngren/ Sundern
250
_a
9
942
_c
BK
654
_a
management accounting
245
_a
Int. to Management Accounting
260
_b
Prentice Hall
_c
1993
082
_a
658.152
_b
HOR/SUN
300
_a
326
546
_a
ENGLISH
999
_c
20014
_d
20014